000 00205 a2200097 4500
001 9656
100 _aHarrington, C
245 _aOrdinary Level Practical Physics
260 _a
_b
_c
090 _c7691
_d7691
942 _aNUST-CAE
_cM
_c34368
999 _c244729
_d244729